[Event "11th IHEM"]
[Site "Hamburg GER"]
[Date "2008.05.14"]
[Round "5"]
[White "Schmidt Brauns,R"]
[Black "Kroencke,M"]
[Result "0-1"]
[WhiteElo "2062"]
[BlackElo "2174"]

1.d4 d5 2.c4 e6 3.Nf3 Be7 4.g3 Nf6 5.Bg2 O-O 6.Qc2 Nbd7 7.O-O c6 8.b3 b6
9.Nbd2 Bb7 10.e4 Rc8 11.e5 Ne8 12.Rd1 Qc7 13.Bb2 Qb8 14.Rac1 Nc7 15.Qd3 Rfd8
16.Qe3 c5 17.Qf4 h6 18.h4 Qa8 19.Bh3 dxc4 20.bxc4 cxd4 21.Bxd4 Na6 22.Bf1 Nb4
23.a3 Nc6 24.Bb2 Nc5 25.Qe3 Rd7 26.Be2 Rcd8 27.Nb1 Na4 28.Ba1 Nc5 29.Bb2 Rxd1+
30.Rxd1 Rxd1+ 31.Bxd1 Na5 32.Nbd2 Qd8 33.Be2 Na4 34.Bc1 Bc5 35.Qf4 Nc3 36.Kf1 Qd7
37.g4 Nxe2 38.Kxe2 Ba6 39.h5 Qa4 40.Ke1 Qc2 41.Ne4 Qxc4 42.Ng3 Qc3+ 43.Kd1 Bxf2
44.Ne4 Qb3+ 45.Kd2 Qd3+  0-1

[Event "X Open"]
[Site "Salou ESP"]
[Date "2008.05.15"]
[Round "8"]
[White "Burmakin,V"]
[Black "Cruz,Cr"]
[Result "1/2-1/2"]
[WhiteElo "2615"]
[BlackElo "2473"]

1.d4 Nf6 2.c4 e6 3.g3 d5 4.Nf3 Be7 5.Bg2 O-O 6.O-O dxc4 7.Qc2 a6 8.a4 Bd7
9.Qxc4 Bc6 10.Bg5 Bd5 11.Qd3 c5 12.Nc3 Bc6 13.Rfd1 cxd4 14.Nxd4 Bxg2 15.Kxg2 Nbd7
16.Qf3 Qb8 17.Bf4 Qa7 18.a5 Rac8 19.Nb3 Rfd8 20.e4 b5 21.e5 Ne8 22.h4 Nc5
23.Rxd8 Rxd8 24.Be3 Qc7 25.Nxb5 Qxe5 26.N3d4 Nb3 27.Nc6 Qxb5 28.Nxe7+ Kf8
29.Nc6 Rd5 30.Ra3 Nd6 31.Na7 Qc4 32.Bf4 Nd2 33.Bxd2 Rxd2 34.Rc3 Qd5 35.Qxd5 exd5
36.b4 Ne4 37.Rf3 Rb2 38.Nc6 f6 39.Rf5 Nc3 40.Rf3 Ne4 41.Rf5 Nc3 42.Rf3 Ne4
43.Rf5  1/2-1/2

[Event "Capo d'Orso Open"]
[Site "Porto Mannu Palau ITA"]
[Date "2008.05.18"]
[Round "2"]
[White "Marin,Mi"]
[Black "Sprotte,N"]
[Result "1-0"]
[WhiteElo "2556"]
[BlackElo "2217"]

1.c4 Nf6 2.Nf3 e6 3.g3 d5 4.d4 Be7 5.Bg2 O-O 6.O-O Nbd7 7.Qc2 c6 8.Rd1 Ne4
9.b3 f5 10.Ba3 Nd6 11.Nbd2 Nf6 12.Ne5 Bd7 13.Ndf3 Nfe4 14.Nd3 g5 15.Nfe5 Nf7
16.Nxf7 Rxf7 17.Bxe7 Qxe7 18.Ne5 Rff8 19.Bxe4 fxe4 20.f3 exf3 21.exf3 Be8
22.c5 Bh5 23.Qc3 Rf6 24.Qe3 h6 25.Rf1 Raf8 26.Rae1 Kg7 27.b4 a6 28.h3 Qc7
29.Kg2 Rg8 30.f4 gxf4 31.Rxf4 Rxf4 32.Qxf4 Kh7 33.g4 Qg7 34.Rf1 Bg6 35.Qf6 Re8
36.Kg3 Re7 37.Nxg6  1-0

[Event "TCh-CHN Torch Real Estate Cup"]
[Site "Jiangsu Wuxi CHN"]
[Date "2008.05.19"]
[Round "7"]
[White "Li Ruofan"]
[Black "Hou Yifan"]
[Result "1/2-1/2"]
[WhiteElo "2423"]
[BlackElo "2549"]

1.d4 e6 2.c4 Nf6 3.g3 d5 4.Nf3 Be7 5.Bg2 O-O 6.Qc2 c5 7.dxc5 Qa5+ 8.Nbd2 Qxc5
9.a3 b5 10.b4 Qc7 11.Nd4 bxc4 12.Nxc4 Ba6 13.Na5 Qxc2 14.Nxc2 Bd8 15.Nb3 Nbd7
16.a4 Rc8 17.Ne3 Bc4 18.Nd2 Be7 19.Ba3 Ba6 20.Nb3 Rc3 21.b5 Bxa3 22.Rxa3 Bb7
23.Kd2 Rfc8 24.Rha1 Kf8 25.Na5 Rxa3 26.Rxa3 Ba8 27.Nc2 Nb6 28.Nb4 Rc4 29.Nbc6 Bxc6
30.Nxc6 Ne8 31.Ra2 Rxa4 32.Rxa4 Nxa4 33.Nxa7 Ke7 34.Kc2 Kd6 35.Kb3 Nb6 36.Kb4 Nc7
37.e3 e5 38.Nc6 Ne6 39.Bh3 Nc5 40.Bf1 Nb7 41.Na5 Nxa5 42.Kxa5 Kc5 43.Ka6 h6
44.h4 d4 45.exd4+ exd4 46.Kb7 Nd5 47.Ka7 Nb6 48.Kb7 Na4 49.Ka6 Nb6  1/2-1/2

[Event "ch-LTU"]
[Site "Kaunas LTU"]
[Date "2008.05.21"]
[Round "7"]
[White "Zagorskis,D"]
[Black "Pileckis,E"]
[Result "1-0"]
[WhiteElo "2493"]
[BlackElo "2403"]

1.d4 Nf6 2.c4 e6 3.g3 d5 4.Bg2 Be7 5.Nf3 O-O 6.O-O dxc4 7.Qc2 a6 8.Qxc4 b5
9.Qc2 Bb7 10.Bg5 Nbd7 11.Bxf6 Nxf6 12.Nbd2 Rc8 13.Nb3 c5 14.dxc5 Bd5 15.Rfd1 Qc7
16.Rac1 a5 17.c6 a4 18.Nbd4 Qb8 19.Nd2 Qb6 20.e3 Bxa2 21.b3 Bxb3 22.N2xb3 axb3
23.Qxb3 b4 24.Nxe6 Rfe8 25.Nd4 Rc7 26.Qc4 Rb8 27.Rb1 g6 28.Rdc1 Ne8 29.Bf1 Nd6
30.Qd5 Rd8 31.Ra1 Bf6 32.Ra6 Qb8 33.Qa5 Bxd4 34.exd4 Nf5 35.d5 Ne7 36.d6  1-0

[Event "TCh-UKR"]
[Site "Alushta UKR"]
[Date "2008.05.23"]
[Round "3"]
[White "Jary,S"]
[Black "Pastukhov,I"]
[Result "1/2-1/2"]
[WhiteElo "2172"]
[BlackElo "2273"]

1.Nf3 Nf6 2.c4 e6 3.g3 d5 4.Bg2 Be7 5.d4 O-O 6.O-O Nbd7 7.Nbd2 c6 8.Qc2 b6
9.e4 Bb7 10.e5 Ne8 11.Re1 Nc7 12.Nb3 dxc4 13.Qxc4 c5 14.dxc5 Nxc5 15.Nxc5 Bxc5
16.Bg5 Qd5 17.Qg4 Rfb8 18.b4 Bf8 19.a4 Qd7 20.h4  1/2-1/2

[Event "Doroshkevich mem"]
[Site "Maykop RUS"]
[Date "2008.05.26"]
[Round "3"]
[White "Birjukov,S"]
[Black "Dydy,K"]
[Result "1-0"]
[WhiteElo "2221"]
[BlackElo "2102"]

1.d4 Nf6 2.c4 e6 3.g3 d5 4.Bg2 Be7 5.Nf3 O-O 6.Qc2 Nc6 7.a3 dxc4 8.Qxc4 Na5
9.Qc2 Rb8 10.O-O Qd5 11.Nbd2 Qc6 12.Qd3 Qb6 13.b4 Nc6 14.e4 Rd8 15.Nc4 Qb5
16.Bf4 Rd7 17.Rac1 a5 18.bxa5 Nxa5 19.Nfe5 Nh5 20.Bd2 Nxc4 21.Nxd7 Bxd7 22.Rxc4 Bxa3
23.Rb1 Qa6 24.Bf1 Bf8 25.Rxc7 Qd6 26.Rc5 g6 27.Rxh5 gxh5 28.Bf4 e5 29.Bxe5 Qg6
30.Bxb8 Bc6 31.d5 Ba4 32.Rxb7 h4 33.e5 Qg5 34.e6 f5 35.Bf4 Qf6 36.Rf7 Qg6  1-0

[Event "TCh-FRA Top 16 Poule Basse"]
[Site "Evry FRA"]
[Date "2008.05.29"]
[Round "8"]
[White "Damljanovic,B"]
[Black "Drasko,M"]
[Result "1-0"]
[WhiteElo "2595"]
[BlackElo "2536"]

1.c4 e6 2.Nf3 Nf6 3.g3 d5 4.d4 Be7 5.Bg2 O-O 6.O-O Nbd7 7.Qc2 c6 8.Nbd2 b6
9.e4 Ba6 10.b3 c5 11.exd5 exd5 12.Bb2 Rc8 13.Rfd1 dxc4 14.d5 cxb3 15.axb3 Be2
16.Re1 Bb5 17.Nh4 Re8 18.Rxa7 Bf8 19.Raa1 g6 20.Nc4 Rxe1+ 21.Rxe1 Qc7 22.Rd1 Bg7
23.Nf3 Bxc4 24.bxc4 Ne8 25.Bxg7 Nxg7 26.Bh3 Re8 27.Qb3 f5 28.Bg2 Qd6 29.Qb5 Nf6
30.Rb1 Rb8 31.Qb2 Nge8 32.Ne5 Nc7 33.Nc6 Rb7 34.Re1 b5 35.Ne7+ Kg7 36.Nc8 Qf8
37.d6 Rb8 38.Re7+  1-0

[Event "TCh-FRA Top 16 Poule Basse"]
[Site "Evry FRA"]
[Date "2008.06.01"]
[Round "11"]
[White "Adla,D"]
[Black "Delchev,A"]
[Result "1/2-1/2"]
[WhiteElo "2490"]
[BlackElo "2639"]

1.c4 e6 2.Nf3 Nf6 3.g3 d5 4.d4 Be7 5.Bg2 O-O 6.O-O dxc4 7.Qc2 a6 8.a4 Bd7
9.Qxc4 Bc6 10.Bg5 h6 11.Bxf6 Bxf6 12.Nc3 Bxf3 13.Bxf3 c6 14.e3 a5 15.b4 axb4
16.Qxb4 Ra7 17.Rab1 Nd7 18.h4 Be7 19.Qc4 Nb6 20.Qb3 Nd5 21.Nxd5 exd5 22.Rb2 Qd7
23.Rfb1 Bd8 24.Qd3 f5  1/2-1/2

[Event "XXX Nezhmetdinov Mem"]
[Site "Kazan RUS"]
[Date "2008.06.02"]
[Round "2"]
[White "Tolstikh,N"]
[Black "Iljin,A"]
[Result "1/2-1/2"]
[WhiteElo "2381"]
[BlackElo "2556"]

1.d4 Nf6 2.c4 e6 3.g3 d5 4.Nf3 Be7 5.Bg2 O-O 6.O-O dxc4 7.Qc2 a6 8.a4 Bd7
9.Qxc4 Bc6 10.Bg5 Bd5 11.Qd3 c5 12.Nc3 Bc6 13.Rfd1 cxd4 14.Nxd4 Bxg2 15.Kxg2 Nbd7
16.Qf3 Qb8 17.e4 Re8 18.Qe2 Bb4 19.Rac1 Rc8 20.Na2 Bf8 21.Nc3 Bb4 22.Na2 Bf8  1/2-1/2

[Event "Alushta Summer-3"]
[Site "Alushta UKR"]
[Date "2008.06.06"]
[Round "7"]
[White "Truskavetsky,A"]
[Black "Chos,A"]
[Result "1/2-1/2"]
[WhiteElo "2394"]
[BlackElo "2406"]

1.d4 Nf6 2.c4 e6 3.g3 d5 4.Bg2 Be7 5.Nf3 O-O 6.O-O dxc4 7.Qc2 a6 8.a4 Bd7
9.Qxc4 Bc6 10.Nc3 Nbd7 11.Rd1 Nb6 12.Qd3 a5 13.e4 Qd7  1/2-1/2

[Event "FSGM June"]
[Site "Budapest HUN"]
[Date "2008.06.09"]
[Round "3"]
[White "Wang Puchen"]
[Black "Liu Qingnan"]
[Result "1/2-1/2"]
[WhiteElo "2397"]
[BlackElo "2344"]

1.d4 Nf6 2.c4 e6 3.Nf3 d5 4.g3 Be7 5.Bg2 O-O 6.O-O Nbd7 7.Nc3 dxc4 8.e4 c5
9.d5 exd5 10.exd5 Nb6 11.Ne5 Bd6 12.Re1 Re8 13.f4 Ng4 14.Nb5 Bxe5 15.fxe5 a6
16.e6 fxe6 17.Nc3 exd5 18.Bg5 Rxe1+ 19.Qxe1 Nf6 20.Bxf6 gxf6 21.Nxd5 Nxd5
22.Rd1 Bg4 23.Bxd5+ Kh8 24.Bf3 Qg8 25.Qe7 Bxf3 26.Qxf6+ Qg7 27.Rd8+  1/2-1/2

[Event "Open"]
[Site "Teplice CZE"]
[Date "2008.06.16"]
[Round "3"]
[White "Jurcik,Mart"]
[Black "Manik,M"]
[Result "1/2-1/2"]
[WhiteElo "2321"]
[BlackElo "2439"]

1.Nf3 Nf6 2.c4 e6 3.g3 d5 4.d4 Be7 5.Bg2 dxc4 6.O-O Nc6 7.Qa4 Nd7 8.Qxc4 Nb6
9.Qd3 e5 10.Nxe5 Nxd4 11.e3 Ne6  1/2-1/2

[Event "Serbia Cup"]
[Site "Zlatibor SRB"]
[Date "2008.06.19"]
[Round "4"]
[White "Roiz,M"]
[Black "Martinovic,Sl"]
[Result "1/2-1/2"]
[WhiteElo "2659"]
[BlackElo "2449"]

1.d4 Nf6 2.c4 e6 3.Nf3 d5 4.g3 Be7 5.Bg2 O-O 6.O-O c6 7.Nc3 Nbd7 8.Bf4 b6
9.Rc1 Bb7 10.Nd2 Nh5 11.Be5 Nxe5 12.dxe5 g6 13.e3 a6 14.cxd5 cxd5 15.Nb3 Qb8
16.Na4 Qxe5 17.Nxb6 Rad8 18.Na5 Qb8 19.Qb3 Ba8 20.Rfd1 Rd6 21.Nxa8 Qxb3 22.Nxb3 Rxa8
23.e4 dxe4 24.Rxd6 Bxd6 25.Bxe4 Rb8 26.f4 Nf6 27.Bg2 a5 28.Rc6 Bb4 29.Kf1 Ng4
30.h3 Ne3+ 31.Ke2 Nd5 32.Be4 Nf6 33.Bf3 a4 34.Nc1 a3 35.b3 Kf8 36.Nd3 Be7
37.Ne5 Rd8 38.Rc7 Nd5 39.Bxd5 Rxd5 40.Ra7 g5 41.Ra8+ Kg7 42.Ra7 Kf8 43.Nd3 h5
44.Ra4 Bd6 45.h4 gxh4 46.gxh4 Kg7 47.Ke3 Kg6 48.b4 Rb5 49.Kd4 Rb8 50.Kc4 Rc8+
51.Kd4 Rd8 52.Ke4 Rc8 53.Rxa3 Rc4+ 54.Kf3 f6  1/2-1/2

[Event "8th TCh-Euro U18 Girls"]
[Site "Szeged HUN"]
[Date "2008.06.21"]
[Round "7"]
[White "Ignacz,M"]
[Black "Osmanodja,F"]
[Result "1-0"]
[WhiteElo "2173"]
[BlackElo "1984"]

1.d4 Nf6 2.c4 e6 3.g3 d5 4.Bg2 Be7 5.Nf3 O-O 6.O-O dxc4 7.Qc2 a6 8.Qxc4 b5
9.Qc2 Bb7 10.Bd2 Be4 11.Qc1 Nbd7 12.Ba5 Ra7 13.Nbd2 Bd5 14.Nb3 Qa8 15.Qe3 Rc8
16.Rfc1 Nb6 17.Nbd2 Nbd7 18.b4 Nb6 19.Rc2 Ne8 20.Rac1 Nd6 21.Qf4 Nbc4 22.Bh3 Nxa5
23.bxa5 f6 24.Ne1 Kh8 25.Nd3 Nc4 26.Nxc4 Bxc4 27.Qe3 Bd6 28.Nb2 Bxa2 29.Na4 Bc4
30.Rxc4 bxc4 31.Qxe6 Re8 32.Qxc4 Qb8 33.Nc3 Qb4 34.Qc6 Raa8 35.e3 Qxa5 36.Bg2 Rab8
37.Ne4 Qb6 38.Qd7 Rbd8 39.Qg4 Ba3 40.Rf1 a5 41.Qf5 a4 42.Nd2 Qb4 43.Be4 g6
44.Qxf6+ Kg8 45.Nb1 Qd6 46.Qf3 Rf8 47.Qe2 Bb4 48.Rc1 Qe7 49.Bg2 Qf7 50.Rc2 a3
51.Ra2 Qb3 52.Be4 Rfe8 53.Qc2 Qxc2 54.Bxc2 Ra8 55.Kf1 Reb8 56.Ke2 Bd6 57.Kd3 Kf7
58.e4 c5 59.d5 Rc8 60.Kc4 Rab8 61.f4 Rb4+ 62.Kc3 Ra8 63.Rxa3 Rab8 64.Nd2 R4b7
65.Nc4 Bf8 66.e5 Rd7 67.e6+  1-0

[Event "Serbia Cup"]
[Site "Zlatibor SRB"]
[Date "2008.06.22"]
[Round "7"]
[White "Ostojic,N1"]
[Black "Adzic,M"]
[Result "1/2-1/2"]
[WhiteElo "2432"]
[BlackElo "2244"]

1.d4 d5 2.c4 e6 3.Nf3 Be7 4.g3 Nf6 5.Bg2 O-O 6.O-O c6 7.Qc2 b6 8.Rd1 Bb7
9.Ne5 Nfd7 10.Nd3 Na6 11.a3 Qc8 12.cxd5 cxd5 13.Nc3 Nc7 14.Qb1 Bf6 15.e3 Ne8
16.Bd2 Nd6 17.Rc1 Qd8 18.b3 Rc8 19.Ra2 Rc7 20.Rac2 Rc8 21.a4 a5 22.Be1 g6
23.b4 Ba6 24.Bf1 Bc4 25.Nb5 Nxb5 26.axb5 Rb8 27.Nb2 Bb3 28.Rc3 a4 29.Nxa4 Bxa4
30.Ra3 e5 31.dxe5 Nxe5 32.Rxa4 Nf3+ 33.Kg2 Nxe1+ 34.Rxe1 Qe7 35.Kg1 Rfd8
36.Bg2 Bc3 37.Rc1 d4 38.exd4 Bxd4 39.Qa2 Rd7 40.Bc6 Rc7 41.Kg2 Rd8 42.Rc2 Kg7
43.Qc4 Bf6 44.Ra6 Rb8 45.Rca2 h5 46.h4 Qe5 47.Re2 Qd6 48.Re4 Re7 49.Rf4 Be5
50.Rf3 Qd4 51.Qxd4 Bxd4 52.Rd3 Bf6 53.f4 Rc7 54.Kf3 Be7 55.Rd4 Bf6 56.Rc4 Be7
57.Re4 Kf6 58.Rd4 Kg7 59.Ra3 Bf6 60.Re4  1/2-1/2

[Event "22th Open"]
[Site "Pula CRO"]
[Date "2008.06.24"]
[Round "5"]
[White "Shtivelband,V"]
[Black "Michalczak,T"]
[Result "0-1"]
[WhiteElo "2170"]
[BlackElo "2329"]

1.c4 e6 2.d4 d5 3.Nf3 Nf6 4.g3 Be7 5.Bg2 O-O 6.Nbd2 c5 7.dxc5 dxc4 8.O-O c3
9.Nb3 Na6 10.bxc3 Qxd1 11.Rxd1 Ne4 12.Nfd4 Naxc5 13.Nxc5 Nxc5 14.Ba3 e5 15.Nb3 Nxb3
16.axb3 Bxa3 17.Rxa3 a6 18.Ra5 f6 19.Bd5+ Kh8 20.Rc5 Rd8 21.Rd3 Rb8 22.b4 Bf5
23.e4 Bh3 24.f3 h5 25.Kf2 b6 26.Rc7 a5 27.bxa5 bxa5 28.Rd2 Rd7 29.Rxd7 Bxd7
30.c4 a4 31.Ra2 Rb3 32.Ke2 g5 33.Kd2 Rxf3 34.Rb2 Rf2+ 35.Kc3 Rxb2 36.Kxb2 Kg7
37.c5 Kf8 38.c6 Bc8 39.Ka3 Ke7 40.Kxa4 Kd6 41.Kb5 f5 42.Bf7 h4 43.Bg6 f4
44.gxf4 exf4 45.Bf5 Kc7 46.Kc4 Bxf5 47.exf5 Kxc6  0-1

[Event "1st Tournoi Circuit Espoirs Europe"]
[Site "Lyon FRA"]
[Date "2008.06.28"]
[Round "10"]
[White "Feller,S"]
[Black "Sachdev,T"]
[Result "1-0"]
[WhiteElo "2540"]
[BlackElo "2423"]

1.d4 Nf6 2.c4 e6 3.g3 d5 4.Nf3 Be7 5.Bg2 O-O 6.O-O dxc4 7.Qc2 a6 8.Qxc4 b5
9.Qc2 Bb7 10.Bd2 h6 11.a3 Bd6 12.Ba5 Nc6 13.Bc3 Ne7 14.Nbd2 Nfd5 15.Ba5 Nc6
16.Nb3 Rc8 17.e4 Nb6 18.Bc3 b4 19.axb4 Bxb4 20.Bxb4 Nxb4 21.Qe2 Qe7 22.Nc5 Bc6
23.Qd2 Bb5 24.Qxb4 Bxf1 25.Bxf1 Rb8 26.Nxa6 Qxb4 27.Nxb4 Nd7 28.Nd3 Rb3 29.Nd2 Rb7
30.b4 f5 31.Bg2 Rbb8 32.Rc1 fxe4 33.Bxe4 Rfc8 34.Bg2 Kf7 35.Nc4 Nf6 36.Nce5+ Kg8
37.Bh3 Re8 38.Rc6 Rb6 39.Rxb6 cxb6 40.Nf4 g5 41.Nxe6 Nd5 42.b5 Ra8 43.Bf5 Ra2
44.Nxg5 Ra1+ 45.Kg2 Nc3 46.Ngf3 Nxb5 47.Nd7 Nd6 48.Be6+ Kg7 49.Nxb6 Ra6 50.Nc4 Ne4
51.Bf5 Nf6 52.Ne3 Ra2 53.d5 Ra5 54.d6 Ra6 55.d7 Rd6 56.Ne5 Kf8 57.N3g4 Nd5
58.Nc6  1-0

[Event "XVI Open"]
[Site "Montcada i Reixac ESP"]
[Date "2008.06.28"]
[Round "4"]
[White "Narciso Dublan,M"]
[Black "Cruz,F"]
[Result "1-0"]
[WhiteElo "2509"]
[BlackElo "2403"]

1.d4 Nf6 2.c4 e6 3.g3 d5 4.Bg2 Be7 5.Nf3 O-O 6.O-O c6 7.Qc2 Nbd7 8.b3 b6
9.Rd1 Bb7 10.Nc3 c5 11.cxd5 exd5 12.dxc5 Bxc5 13.Bb2 Rc8 14.Qf5 Qe7 15.e3 Ba3
16.Bxa3 Qxa3 17.Nb5 Qb4 18.Nbd4 Rfe8 19.Bh3 h6 20.Qd3 a6 21.a3 Qf8 22.Qd2 Rc5
23.Qb2 g6 24.Ne1 Qd6 25.Nd3 Rc7 26.Rac1 Nc5 27.Nf4 Nfe4 28.Rc2 Rce7 29.Nde2 h5
30.b4 Nd7 31.Nc3 Nxc3 32.Qxc3 Nf6 33.Bg2 h4 34.Qb3 hxg3 35.hxg3 Re5 36.Rcd2 Rd8
37.Rd4 g5 38.Ne2 Kg7 39.Nc3 Qe6 40.R1d3 Qf5 41.Qd1 g4 42.Rf4 Qh5 43.Ne2 Rh8
44.Nd4 Bc8 45.Rc3 Bd7 46.Rc7 Be8 47.Qc2 Rh6 48.Rf5 Qh2+ 49.Kf1 Bb5+ 50.Nxb5 Rxf5
51.Nd6 Re5 52.Nxf7  1-0

[Event "Svein Johannessen Mem"]
[Site "Oslo NOR"]
[Date "2008.06.28"]
[Round "2"]
[White "Skrondal,I"]
[Black "Hammer,J"]
[Result "1/2-1/2"]
[WhiteElo "2189"]
[BlackElo "2457"]

1.Nf3 Nf6 2.c4 e6 3.g3 d5 4.d4 Be7 5.Bg2 O-O 6.O-O dxc4 7.Qc2 a6 8.Qxc4 b5
9.Qc2 Bb7 10.Bg5 Nbd7 11.Bxf6 Nxf6 12.Nbd2 Rc8 13.Nb3 c5 14.dxc5 Ne4 15.Rfd1 Qc7
16.c6 Qxc6 17.Qxc6 Bxc6 18.Ne5 Bd5 19.Nd7 Rfe8 20.Nb6 Rc2 21.Nxd5 exd5 22.Rxd5 Bf6
23.Rc1 Rxc1+ 24.Nxc1 Bxb2 25.Bxe4 Bxc1 26.Rd7 Kf8 27.Bd5 Re7 28.Rd8+ Re8
29.Rd7 Re7 30.Rd8+  1/2-1/2

[Event "Helmut Kohl IM"]
[Site "Dortmund GER"]
[Date "2008.06.30"]
[Round "3"]
[White "Trella,T"]
[Black "Klyuner,V"]
[Result "1/2-1/2"]
[WhiteElo "2300"]
[BlackElo "2411"]

1.c4 Nf6 2.Nf3 e6 3.g3 d5 4.Bg2 Be7 5.d4 O-O 6.O-O c6 7.Qc2 b6 8.b3 Bb7 9.Rd1 Nbd7
10.Nc3 Rc8 11.e4 dxe4 12.Nxe4 c5 13.Nxf6+ Bxf6 14.Ng5 Bxg5 15.Bxb7 Rc7 16.Bg2 cxd4
17.Bxg5 Qxg5 18.Rxd4 Qc5 19.Rad1 Nf6 20.Qd2 h6 21.h3 Re8 22.b4 Qe7 23.Bf1 e5
24.Rd8 Rc8 25.Rxe8+ Rxe8 26.Qd6 Kf8 27.Qxe7+ Kxe7 28.Kg2 Rc8 29.Kf3 Ne8 30.Ke3 Nd6
31.Rc1 f6 32.Bd3 Ke6 33.g4 e4 34.Be2 a5 35.a3 axb4 36.axb4 Ke5 37.c5 bxc5
38.bxc5 Ne8 39.Rc4 f5 40.gxf5 Nf6 41.f4+  1/2-1/2

[Event "Atlantis Meestertienkamp"]
[Site "Groningen NED"]
[Date "2008.06.30"]
[Round "4"]
[White "Bosboom,M"]
[Black "Becker,Mart"]
[Result "1-0"]
[WhiteElo "2471"]
[BlackElo "2364"]

1.d4 d5 2.Nf3 Nf6 3.c4 e6 4.g3 Be7 5.Bg2 O-O 6.O-O dxc4 7.Na3 c5 8.Nxc4 Nc6
9.dxc5 Bxc5 10.Bf4 Nd5 11.Bg5 f6 12.Bd2 b5 13.Na3 Qb6 14.Rc1 Bb7 15.Qb3 a6
16.e4 Ndb4 17.Qxe6+ Kh8 18.Rxc5 Qxc5 19.Rc1 Rae8 20.Qb3 Qe7 21.Re1 Rd8 22.e5 Rd3
23.Bc3 fxe5 24.Nxe5 Nxe5 25.Qxb4 Qf7 26.f4 Ng6 27.Bxb7 Qxb7 28.Qc5 Qd5 29.Qxd5 Rxd5
30.Re6 Ra8 31.Nc2 a5 32.a3 Kg8 33.Ne3 Rc5 34.f5 Kf7 35.Rb6 Ne7 36.Bd4 Rc1+
37.Kf2 Rd8 38.Bc3 b4 39.axb4 axb4 40.Rxb4 Rc8 41.Rb7 Rc5 42.g4 h6 43.h4  1-0

[Event "International Open"]
[Site "Philadelphia USA"]
[Date "2008.06.30"]
[Round "8"]
[White "Arun Prasad,S"]
[Black "Ippolito,D"]
[Result "1/2-1/2"]
[WhiteElo "2465"]
[BlackElo "2425"]

1.d4 d5 2.c4 e6 3.Nf3 Nf6 4.g3 Be7 5.Bg2 O-O 6.Qc2 c5 7.dxc5 Qa5+ 8.Bd2 Qxc5
9.O-O b5 10.b3 bxc4 11.Be3 cxb3 12.Bxc5 bxc2 13.Bxe7 Re8 14.Bxf6 cxb1=Q 15.Rfxb1 gxf6
16.e4 Nd7 17.exd5 exd5  1/2-1/2

[Event "Sparkassen Open"]
[Site "Dortmund GER"]
[Date "2008.07.02"]
[Round "4"]
[White "Nent,A"]
[Black "Steinmetzer,T"]
[Result "0-1"]
[WhiteElo "1920"]
[BlackElo "2038"]

1.d4 d5 2.c4 e6 3.Nf3 Nf6 4.g3 Be7 5.Bg2 O-O 6.O-O dxc4 7.Qc2 a6 8.Qxc4 b5
9.Qc2 Bb7 10.Bd2 Be4 11.Qb3 c5 12.dxc5 Bxc5 13.Bb4 Bd5 14.Qa3 Bxb4 15.Qxb4 Nc6
16.Qf4 e5 17.Qh4 b4 18.Rd1 Qb6 19.Nbd2 h6 20.Nf1 Rfe8 21.Ne3 Be6 22.Rac1 e4
23.Nd2 Nd4 24.Nxe4 Nxe4 25.Bxe4 Nxe2+ 26.Kg2 Nxc1 27.Bxa8 Rxa8 28.Rxc1 Qb7+
29.Kg1 Bxa2 30.Qf4 Rd8 31.Rc7 Qb5 32.Qe4 a5 33.Rb7 Qc5 34.Qf4 Qc1+ 35.Kg2 Qxb2
36.Qc7 Rd2 37.Qc8+ Kh7 38.Qf5+ g6 39.Qf3 Be6 40.Ng4 Bd5 41.Rxf7+ Kh8 42.Qxd5 Rxd5
43.Nf6 Qxf6 44.Rxf6 Rb5  0-1

[Event "Sparkassen Open"]
[Site "Dortmund GER"]
[Date "2008.07.03"]
[Round "5"]
[White "Kahleys,K"]
[Black "Knapp,M"]
[Result "1-0"]
[WhiteElo "1955"]
[BlackElo "1964"]

1.d4 d5 2.c4 e6 3.g3 Nf6 4.Bg2 Be7 5.Nf3 O-O 6.O-O c6 7.Qc2 Nbd7 8.Nbd2 Qc7
9.b3 e5 10.dxe5 Nxe5 11.Bb2 Ng6 12.Rad1 dxc4 13.Nxc4 Be6 14.Nd4 Bxc4 15.Qxc4 Rad8
16.Nf5 Rxd1 17.Rxd1 Rd8 18.Nxe7+ Qxe7 19.Rxd8+ Qxd8 20.Qd4 Qxd4 21.Bxd4 a6
22.Bxf6 gxf6 23.f4 a5 24.Kf2 Kf8 25.Ke3 Ke7 26.Kd4 Kd6 27.e4 h5 28.h4 Nf8
29.f5 b5 30.Bf3 c5+ 31.Ke3 c4 32.bxc4 b4 33.Kd4 a4 34.Bd1 a3 35.c5+  1-0

[Event "Sparkassen Open"]
[Site "Dortmund GER"]
[Date "2008.07.03"]
[Round "6"]
[White "Coenen,M"]
[Black "Fox,D"]
[Result "1-0"]
[WhiteElo "2174"]
[BlackElo "2107"]

1.c4 e6 2.g3 Nf6 3.Bg2 d5 4.d4 Be7 5.Nf3 O-O 6.O-O dxc4 7.Nc3 c5 8.dxc5 Qxd1
9.Rxd1 Bxc5 10.Ne5 Nbd7 11.Nxc4 Nb6 12.Na5 Nbd5 13.Nxd5 Nxd5 14.Bxd5 exd5
15.Rxd5 Be7 16.Rd1 Bf6 17.f3 Be6 18.Nxb7 Rab8 19.Nc5 Bxb2 20.Nxe6 fxe6 21.Bxb2 Rxb2
22.Kf2 Rc8 23.Rab1 Rxb1 24.Rxb1 Rc7 25.h4 h5 26.Rb5 g6 27.a4 Kf7 28.e4 Kf6
29.g4 hxg4 30.fxg4 Rc2+ 31.Kg3 e5 32.g5+ Ke6 33.Ra5 Rc3+ 34.Kg4 Rc4 35.Ra6+ Kf7
36.Rxa7+ Kf8 37.Kf3 Rc3+ 38.Kf2 Rh3 39.a5 Rxh4 40.a6 Rxe4 41.Rb7 Ra4 42.a7  1-0

[Event "World Open"]
[Site "Philadelphia USA"]
[Date "2008.07.04"]
[Round "4"]
[White "Yeager,D"]
[Black "Friedel,J"]
[Result "0-1"]
[WhiteElo "2335"]
[BlackElo "2524"]

1.d4 Nf6 2.c4 e6 3.g3 d5 4.Nf3 Be7 5.Bg2 O-O 6.O-O dxc4 7.Qc2 a6 8.a4 Bd7
9.Qxc4 Bc6 10.Bg5 Bd5 11.Qd3 c5 12.Nc3 Bc6 13.Rfd1 cxd4 14.Nxd4 Bxg2 15.Kxg2 Nbd7
16.e4 Qb6 17.Qe2 h6 18.Be3 Nc5 19.e5 Nfd7 20.f4 Rfd8 21.Rab1 Nb3 22.Nxb3 Qxb3
23.Rd3 Nc5 24.Bxc5 Rxd3 25.Qxd3 Bxc5 26.Qd1 Qb4 27.Qc2 Rc8 28.Ne4 Bf8 29.Nc3 Qc4
30.Rd1 Bb4 31.Rd3 g6 32.Qd1 Kg7 33.Qf3 Qb3 34.Qxb7 Qc2+ 35.Kh3 Qxd3 36.Qxc8 Qf1+
37.Kh4 Be7+ 38.Kg4 h5+  0-1

[Event "5th Sth Wales Int"]
[Site "Trefforst WLS"]
[Date "2008.07.05"]
[Round "1"]
[White "Cobb,J"]
[Black "Dunn,An1"]
[Result "1-0"]
[WhiteElo "2432"]
[BlackElo "2210"]

1.Nf3 d5 2.d4 Nf6 3.c4 e6 4.g3 Be7 5.Bg2 O-O 6.O-O Nbd7 7.Qc2 c6 8.b3 b6
9.Bb2 Ba6 10.Rd1 Rc8 11.Nc3 Qc7 12.e4 dxe4 13.Nxe4 Rfd8 14.Rd2 Bb7 15.Nc3 c5
16.d5 exd5 17.cxd5 Qb8 18.Nh4 Bf8 19.Ne4 Ne8 20.Bh3 h6 21.Qc3 Nd6 22.Nxd6 Qxd6
23.Rad1 b5 24.Re2 b4 25.Qc2 Re8 26.Nf5 Qa6 27.Rde1 Rxe2 28.Rxe2 Rd8 29.Re6 fxe6
30.Nxh6+ Kh8 31.Nf7+ Kg8 32.Ng5  1-0

[Event "36th TCh-GRE"]
[Site "Kallithea Halkidiki GRE"]
[Date "2008.07.07"]
[Round "2"]
[White "Dorfanis,I"]
[Black "Papargyriou,A"]
[Result "1/2-1/2"]
[WhiteElo "2177"]
[BlackElo "2071"]

1.d4 d5 2.Nf3 Nf6 3.c4 e6 4.g3 Be7 5.Bg2 O-O 6.O-O Nbd7 7.Qc2 Re8 8.Nbd2 c6
9.b3 Nf8 10.Bb2 Ng6 11.Rad1 Qc7 12.Ne5 Rb8 13.e4 dxe4 14.Nxe4 c5 15.Nxg6 hxg6
16.Nxc5 Bxc5 17.dxc5 Qxc5 18.Bd4 Qh5 19.f4 e5 20.Bxe5 Bf5 21.Qb2 Rbd8 22.Rxd8 Rxd8
23.Bxf6 gxf6 24.Bf3 Bg4 25.Bxg4 Qxg4 26.Re1 Rd1 27.Rxd1 Qxd1+ 28.Kg2 Qd3
29.Kf2 Kg7 30.Qe2 Qd4+ 31.Kg2 a5 32.h4 b6 33.Kh2 Qc5 34.Qd2 a4 35.Kg2 a3
36.Qd3 Qb4 37.Kf2 Qc5+ 38.Qe3 Qc6 39.Qf3 Qc5+ 40.Qe3 Qc6 41.Qe2 Qh1 42.Qf1 Qe4
43.Qd1 Qf5 44.Ke3 Qe6+ 45.Kd3 Qd7+ 46.Kc2 Qf5+ 47.Kd2 Qa5+ 48.Kc2 Qf5+  1/2-1/2

[Event "7th Open"]
[Site "La Fere FRA"]
[Date "2008.07.07"]
[Round "3"]
[White "Delorme,L"]
[Black "Drenchev,P"]
[Result "0-1"]
[WhiteElo "2155"]
[BlackElo "2450"]

1.d4 Nf6 2.c4 e6 3.Nf3 d5 4.g3 Be7 5.Bg2 O-O 6.O-O dxc4 7.Qc2 a6 8.a4 Nc6
9.Qxc4 Qd5 10.Qxd5 Nxd5 11.Nc3 Na5 12.Nxd5 exd5 13.Bf4 Nb3 14.Rad1 Bf5 15.Ne1 c6
16.Bc7 Rfc8 17.Bb6 a5 18.e4 dxe4 19.Nc2 Ra6 20.Ne3 Be6 21.Bc5 Bxc5 22.dxc5 Nxc5
23.Rd4 Rb6 24.Nc4 Rb4 25.Rfd1 b5 26.Nxa5 Rxb2 27.Rd6 Kf8 28.Bf1 Rb4 29.Rc1 Ke7
30.Rdd1 Nxa4  0-1

[Event "XXVIII Open"]
[Site "Benasque ESP"]
[Date "2008.07.08"]
[Round "6"]
[White "Lafuente,P"]
[Black "Baklan,V"]
[Result "1/2-1/2"]
[WhiteElo "2505"]
[BlackElo "2631"]

1.d4 Nf6 2.c4 e6 3.g3 d5 4.Nf3 Be7 5.Bg2 O-O 6.O-O dxc4 7.Qc2 a6 8.a4 Bd7
9.Qxc4 Bc6 10.Bg5 h6 11.Bxf6 Bxf6 12.Rd1 a5 13.Nc3 Bxf3 14.Bxf3 c6 15.e3 Nd7
16.Ne4 Be7 17.Qc2 Rc8  1/2-1/2

[Event "60th ch-MNE Women"]
[Site "Cetinje MNE"]
[Date "2008.07.08"]
[Round "2"]
[White "Vojinovic,J"]
[Black "Mijovic,A"]
[Result "0-1"]
[WhiteElo "2289"]
[BlackElo "2180"]

1.c4 d5 2.d4 e6 3.Nf3 Be7 4.g3 Nf6 5.Bg2 O-O 6.O-O dxc4 7.Qc2 a6 8.a4 Bd7
9.Qxc4 Bc6 10.Bg5 a5 11.Nc3 Na6 12.Rfe1 Nb4 13.Rac1 b6 14.Nb5 Rc8 15.Bxf6 Bxf6
16.e4 Bb7 17.e5 Be7 18.Nd2 c6 19.Qb3 cxb5 20.Bxb7 Rxc1 21.Rxc1 Qxd4 22.Nf3 Qd3
23.Qxd3 Nxd3 24.Rc6 Bc5 25.Ba6 Bxf2+ 26.Kf1 Bc5 27.Bxb5 Nxb2 28.Ke2 Rd8 29.Rc7 Nd1
30.Rd7 Rxd7 31.Bxd7 Ne3 32.Kd3 Kf8 33.h3 Ke7 34.Bc6 f6 35.g4 fxe5 36.Be4 Nd1
37.Bxh7 Nb2+ 38.Kc2 Nxa4 39.Nxe5 Bd6 40.Nc4 Bc7 41.Na3 Nc5 42.h4 Bg3 43.Nc4 Nd7
44.h5 Kf6 45.Bg8 Bc7 46.Nd2 b5 47.Nf3 Bf4 48.Nd4 e5 49.Nxb5 Kg5 50.Be6 Nf6
51.Nd6 Nxg4 52.Ne8 Ne3+ 53.Kb3 Kh6 54.Ka4 Nf1 55.Kxa5 e4 56.Kb4 e3 57.Bc4 Ng3
58.Kc5 Nxh5 59.Nxg7 Nxg7 60.Kd4 Kg5 61.Kd3 Kg4 62.Ke2 Kg3 63.Ba6 Nf5 64.Ke1 Nd4
65.Bc4 Be5 66.Ba6 Kf4 67.Bc4 Ke4 68.Ba6 Bg3+ 69.Kf1 Kd5 70.Kg2 Bh4 71.Kh3 Bf2
72.Kg2 Kc5 73.Bd3 Kb4 74.Ba6 Kc3 75.Kh3 Kd2 76.Kg4 e2 77.Bxe2 Kxe2 78.Kf4 Kd3
79.Ke5 Bg3+ 80.Kd5 Nb3 81.Ke6 Ke4 82.Kd7 Kd5 83.Ke7 Be5 84.Kf7 Nd4 85.Kg6 Nf3
86.Kf5 Bd6 87.Kf6 Nd4 88.Kg6 Be7 89.Kf7 Kd6 90.Kg7 Ke6 91.Kg6 Bf6 92.Kh5 Kf5
93.Kh6 Nc6 94.Kh7 Ne5 95.Kh6 Nf7+ 96.Kh5 Nd8 97.Kh6 Ne6 98.Kh5 Be7 99.Kh6 Bg5+
100.Kh7 Kf6 101.Kg8 Bf4 102.Kh7 Kf7 103.Kh8 Bg5  0-1